[Event "Punta del Este Alekhiine op 1st"]
[Site "Punta del Este"]
[Date "2024.03.09"]
[Round "2"]
[White "Avedisian, Alexander"]
[Black "Osores, Roberto"]
[Result "0-1"]
[WhiteElo "1918"]
[BlackElo "1779"]
[PlyCount "92"]
[EventDate "2024.03.08"]
[EventType "swiss"]
[EventRounds "5"]
[EventCountry "URU"]
[SourceTitle "CB13_2024"]
[SourceDate "2024.03.27"]
[SourceVersion "1"]
[SourceVersionDate "2024.03.27"]
[SourceQuality "1"]

1. Nf3 Nf6 2. g3 d5 3. Bg2 e6 4. 0-0 Be7 5. d3 0-0 6. Nbd2 c5 7. e4 Nc6 8. Re1 dxe4 9. dxe4 e5 10. c3 Bg4 11. h3 Bc8 12. Qe2 Qc7 13. Nc4 h6 14. Nh4 Rd8 15. f4 Bf8 16. fxe5 Nxe5 17. Bf4 Nfd7 18. Rad1 Re8 19. Nf5 g5 20. Ncd6 Re6 21. Nb5 Qb6 22. Be3 a6 23. Na3 Qc7 24. Nc4 b5 25. Nxe5 Nxe5 26. h4 f6 27. hxg5 hxg5 28. Qh5 Qh7 29. Qxh7+ Kxh7 30. Rd8 Bb7 31. Red1 Re8 32. R1d7+ Kg6 33. Rxa8 Bxa8 34. Ra7 Ng4 35. Rxa6 Bxe4 36. Bxe4 Rxe4 37. Bxc5 Bxc5+ 38. Nd4 Bxd4+ 39. cxd4 Rxd4 40. b3 Kf5 41. Ra5 Ke4 42. Rxb5 Rd1+ 43. Kg2 f5 44. Rb4+ Ke3 45. a4 Rd2+ 46. Kf1 Nh2+ 0-1

[Event "Montevideo Duchamp Cup 6th"]
[Site "Montevideo"]
[Date "2023.02.03"]
[Round "1"]
[White "Osores, Roberto"]
[Black "Vazquez, Facundo"]
[Result "0-1"]
[WhiteElo "1704"]
[BlackElo "2329"]
[PlyCount "94"]
[EventDate "2023.02.03"]
[EventType "swiss"]
[EventRounds "9"]
[EventCountry "URU"]
[SourceTitle "CBM 212 Extra"]
[Source "ChessBase"]
[SourceDate "2023.03.31"]
[SourceVersion "1"]
[SourceVersionDate "2023.03.31"]
[SourceQuality "1"]

1. d4 Nf6 2. Nf3 g6 3. e3 Bg7 4. Bd3 d6 5. Nbd2 Nbd7 6. 0-0 0-0 7. c3 e5 8. Re1 Qe7 9. e4 c6 10. dxe5 dxe5 11. a4 Rd8 12. Qc2 Nc5 13. Bc4 Ne8 14. Nb3 Ne6 15. Be3 Nd6 16. Nbd2 Nxc4 17. Nxc4 Nf4 18. Red1 Bg4 19. Bxf4 exf4 20. Qe2 Qc5 21. h3 Bxf3 22. gxf3 b5 23. Nd2 b4 24. Qc4 Qg5+ 25. Kh2 Qh4 26. Kg2 bxc3 27. bxc3 Re8 28. e5 Rxe5 29. Ne4 Rh5 30. Rh1 c5 31. Nd6 Qg5+ 32. Kh2 Qd5 33. Qe4 Re5 34. Rad1 Qxe4 35. fxe4 Bf8 36. f3 Bxd6 37. Rxd6 Rb8 38. Rhd1 Rb2+ 39. Kg1 Rg5+ 40. Kf1 Rg3 41. R1d2 Rxf3+ 42. Ke2 Re3+ 43. Kf2 Rxd2+ 44. Rxd2 Rxe4 45. a5 Rc4 46. Rd7 Rxc3 47. Rxa7 Rxh3 0-1

[Event "Montevideo Trebejos 50 Anniv op"]
[Site "Montevideo"]
[Date "2022.09.18"]
[Round "2"]
[White "Shih Ferreira, Yin Chieh"]
[Black "Osores, Roberto"]
[Result "0-1"]
[WhiteElo "1463"]
[BlackElo "1682"]
[PlyCount "48"]
[EventDate "2022.09.17"]
[EventType "swiss"]
[EventRounds "9"]
[EventCountry "URU"]
[SourceTitle "EXT 2023"]
[Source "ChessBase"]
[SourceDate "2022.10.05"]
[SourceVersion "1"]
[SourceVersionDate "2022.10.05"]
[SourceQuality "1"]

1. d4 d5 2. e3 Nf6 3. Bd3 Bg4 4. Nf3 Nbd7 5. Nbd2 e5 6. Be2 e4 7. Ng1 h5 8. f3 Bd6 9. fxe4 Nxe4 10. Nxe4 dxe4 11. c3 Qh4+ 12. Kd2 0-0-0 13. Kc2 Rh6 14. Bd2 Rf6 15. Rc1 Nb6 16. Kb1 Nc4 17. g3 Bxg3 18. b3 Nxd2+ 19. Qxd2 Bf2 20. Bxg4+ Qxg4 21. Rf1 Bxe3 22. Qe1 Rxf1 23. Qxf1 f5 24. Ne2 Qf3 0-1